[Event "ICS rated blitz match"]
[Site "204.178.125.65"]
[Date "1999.09.30"]
[Round "?"]
[White "Hossa"]
[Black "lakerda"]
[Result "1-0"]
[WhiteElo "2459"]
[BlackElo "2161"]
[Annotator "Fritz 5.32 (22s)"]
[PlyCount "53"]
[EventDate "1999.??.??"]

1. d4 d6 2. e4 e5 3. dxe5 dxe5 4. Qxd8+ Kxd8 5. Bc4 Be6 6. Bxe6 fxe6 7. Be3
7... Bd6 $146 (7... Nf6 8. f3 Nbd7 (8... Bb4+ 9. Ke2 Nbd7 10. Nh3 Ke7 11. Nf2
Bc5 12. Nd2 a6 13. Bxc5+ Nxc5 14. Nc4 Nfd7 15. Ng4 Na4 16. b3 Nc3+ 17. Kd2 Nb5
18. c3 Rad8 19. Kc2 Rhf8 20. Rad1 Nd6 21. Ncxe5 Nf6 22. Rd2 Nxg4 23. Nxg4 {
Urban,K-Pedzich,D/Sopot 1997/CBM 59/ - (47)}) 9. Nd2 Bd6 (9... Bb4 10. O-O-O
Ke7 11. Ne2 b5 12. Kb1 Bc5 13. Bxc5+ Nxc5 14. Nb3 Nb7 15. c4 c6 16. Rc1 {
- Velimirovic,D-Ivkov,B/Amsterdam 1974/MCL (16)}) 10. Nh3 Ke7 11. Nf2 b5 12. a4
bxa4 13. Rxa4 Rhb8 14. Ra2 a5 15. Nc4 Rb4 16. Nxa5 Ra6 17. Ke2 c5 18. Rha1 Ne8
19. Nd3 Rb8 20. Nc4 Rxa2 21. Rxa2 Nc7 22. Bg5+ {
Dittmar,P-Neuberger,G/Berlin 1998/CBM 66 ext/1-0 (36)}) 8. Nd2 Nc6 9. O-O-O Ke7
10. Ngf3 (10. h4 10... Nf6 $14) 10... Nf6 11. Rhe1 11... h6 {Staerkt g5} 12.
Nh4 Kf7 13. h3 {Befestigt g4} 13... g5 14. Nhf3 Nh5 15. Kb1 Nf4 16. Rg1 16...
Kg6 $16 (16... Rad8 17. h4 g4 18. Nh2 $14) 17. h4 g4 18. Nh2 {
Weiss erlangt Initiative} 18... h5 19. f3 19... gxf3 $18 (19... Ne2 20. Rge1
Nf4 21. fxg4 Nxg2 22. Re2 Nxh4 23. gxh5+ Rxh5 24. Ng4 $14) 20. Nhxf3 $16 (20.
g4 $5 20... f2 21. gxh5+ Kxh5 22. Rg5+ Kh6 23. Ng4+ Kh7 24. Nf6+ 24... Kh6 $18)
20... Ne2 21. Rge1 21... Ned4 $18 (21... Nf4 22. Rf1 $16) 22. Ng5 Rae8 (22...
Be7 23. Nc4 Bxg5 24. Bxg5 $16) 23. c3 Nb5 24. a4 Nxc3+ (24... Nbd4 25. Nc4 Nb3
26. Nxd6 cxd6 27. Rxd6 $18) 25. bxc3 Rhf8 (25... Be7 26. Ndf3 $18) 26. Nc4 Rd8
(26... Be7 {die letzte Gegenchance} 27. Nxe6 Rf7 28. Nxc7 28... Rd8 $18) 27.
Nxe6 (27. Nxe6 Be7 28. Nxd8 Bxd8 29. g3 $18) ({Und nicht} 27. Nxd6 27... Rxd6
28. Rxd6 28... cxd6 $18) 1-0

[Event "ICS rated blitz match"]
[Site "204.178.125.65"]
[Date "1999.09.10"]
[Round "?"]
[White "Hossa"]
[Black "lakerda"]
[Result "1-0"]
[WhiteElo "2468"]
[BlackElo "2309"]
[PlyCount "167"]
[EventDate "1999.??.??"]

1. e4 d6 2. d4 e5 3. dxe5 dxe5 4. Qxd8+ Kxd8 5. Nc3 Bd6 6. Bc4 Be6 7. Bxe6 fxe6
8. Nf3 Nc6 9. Be3 Nf6 10. O-O-O Ke7 11. Rd3 Rhd8 12. a3 a6 13. Rhd1 Rab8 14. h3
Ra8 15. Kb1 Rab8 16. Ka1 Ra8 17. R3d2 Rac8 18. Kb1 Ra8 19. Ka2 Rab8 20. Rd3 b5
21. Ka1 Ra8 22. Ng5 Rab8 23. R3d2 Ra8 24. Kb1 Rab8 25. Kc1 Ra8 26. Rd3 Rab8 27.
Bd2 Ra8 28. Kb1 Rab8 29. Be3 Ra8 30. R1d2 Rab8 31. Re2 Ra8 32. Rd1 Rac8 33. Ka1
Ra8 34. Red2 Rab8 35. Ka2 Ra8 36. h4 Rab8 37. f3 Ra8 38. Ka1 Rab8 39. g3 Ra8
40. Ne2 Rab8 41. Kb1 Ra8 42. Rd3 a5 43. Rc3 Ra6 44. Rb3 Rb8 45. Rbd3 a4 46.
R1d2 b4 47. c4 h6 48. c5 hxg5 49. cxd6+ cxd6 50. Rxd6 gxh4 51. Bc5 Kf7 52. gxh4
bxa3 53. Bxa3 Rab6 54. Bc5 Ra6 55. Nc3 Rc8 56. Rc2 Raa8 57. Rd3 Ne7 58. Nb5 Rd8
59. Rxd8 Rxd8 60. Rc4 Ng6 61. Nd6+ Kg8 62. Rxa4 Nxh4 63. Ra3 Ne8 64. Nxe8 Rxe8
65. Bd6 Ng6 66. b4 Rd8 67. Bc5 Kf7 68. b5 Ke8 69. b6 Rb8 70. Ra7 Nf8 71. Re7+
Kd8 72. Rxg7 Nd7 73. Rg8+ Nf8 74. Rxf8+ Kd7 75. Rxb8 Kc6 76. Re8 Kxc5 77. Rxe6
Kd4 78. Kc2 Ke3 79. Rxe5 Kxf3 80. Rf5+ Kxe4 81. Rb5 Kd4 82. b7 Kc4 83. b8=Q Kd4
84. Qf4# {lakerda checkmated} 1-0

[Event "ICS rated blitz match"]
[Site "204.178.125.65"]
[Date "1999.09.12"]
[Round "?"]
[White "Hossa"]
[Black "lakerda"]
[Result "1-0"]
[WhiteElo "2465"]
[BlackElo "2301"]
[PlyCount "75"]
[EventDate "1999.??.??"]

1. e4 d6 2. d4 e5 3. dxe5 dxe5 4. Qxd8+ Kxd8 5. Nc3 Nc6 6. Be3 Be6 7. O-O-O+
Kc8 8. Bb5 Nge7 9. Nf3 f6 10. Bc5 a6 11. Ba4 b5 12. Bb3 Bxb3 13. axb3 Ng6 14.
Bxf8 Rxf8 15. Rd2 Kb7 16. Rd7 Nge7 17. Nd5 Nxd5 18. exd5 Nb4 19. d6 Kc6 20.
Rxc7+ Kxd6 21. Rxg7 Rac8 22. Rd1+ Ke6 23. c3 Nd5 24. Rxh7 b4 25. Ra7 Rc6 26. c4
Nf4 27. g3 Nh3 28. Rd2 Ng5 29. Nxg5+ fxg5 30. Rg7 Kf5 31. h4 gxh4 32. gxh4 Rh8
33. Rf7+ Ke6 34. Rb7 a5 35. Rb5 Rxh4 36. Rxa5 Rc8 37. Re2 Rh5 38. f4 {
lakerda resigns} 1-0

[Event "ICS rated blitz match"]
[Site "204.178.125.65"]
[Date "1999.09.03"]
[Round "?"]
[White "Hossa"]
[Black "lakerda"]
[Result "1-0"]
[WhiteElo "2555"]
[BlackElo "2346"]
[PlyCount "125"]
[EventDate "1999.??.??"]

1. d4 Nf6 2. e3 g6 3. Bd3 Bg7 4. Ne2 O-O 5. O-O d6 6. e4 Nbd7 7. Nbc3 e5 8. Bg5
h6 9. Bd2 c6 10. Qc1 Kh7 11. Re1 Re8 12. Be3 b5 13. a3 a6 14. f4 Qc7 15. fxe5
dxe5 16. Rf1 exd4 17. Bxd4 Ne5 18. Qf4 Nh5 19. Qh4 Qe7 20. Qxe7 Rxe7 21. Bc5
Rb7 22. Rad1 Be6 23. Nd4 Nxd3 24. cxd3 Re8 25. Nxe6 Rxe6 26. d4 Rd7 27. Rc1 Kg8
28. d5 cxd5 29. exd5 Rf6 30. Rfd1 Rf5 31. Bd4 Bxd4+ 32. Rxd4 Nf6 33. Rf1 Rxf1+
34. Kxf1 Kf8 35. Kf2 Ke7 36. Kf3 Kd6 37. Kf4 Rc7 38. a4 Rc4 39. Ne4+ Nxe4 40.
Rxc4 bxc4 41. Kxe4 f5+ 42. Kd4 g5 43. Kxc4 f4 44. Kd4 a5 45. Ke4 Kd7 46. Ke5
Ke7 47. h3 Kd7 48. Kf5 Kd6 49. Kg6 Kxd5 50. Kxh6 Kc4 51. Kxg5 Kb4 52. h4 Kxa4
53. Kxf4 Kb3 54. h5 Kxb2 55. h6 a4 56. h7 a3 57. h8=Q+ Kb1 58. Qa8 a2 59. Qxa2+
Kxa2 60. g4 Kb3 61. g5 Kc4 62. g6 Kd5 63. g7 {lakerda resigns} 1-0

[Event "ICS rated blitz match"]
[Site "204.178.125.65"]
[Date "1999.09.30"]
[Round "?"]
[White "Hossa"]
[Black "lakerda"]
[Result "1-0"]
[WhiteElo "2444"]
[BlackElo "2195"]
[Annotator "Fritz 5.32 (20s)"]
[PlyCount "49"]
[EventDate "1999.??.??"]

1. d4 d6 2. e4 e5 3. dxe5 dxe5 4. Qxd8+ Kxd8 5. Bc4 Be6 6. Bxe6 fxe6 7. Be3
7... Bd6 $146 (7... Nf6 8. f3 Nbd7 (8... Bb4+ 9. Ke2 Nbd7 10. Nh3 Ke7 11. Nf2
Bc5 12. Nd2 a6 13. Bxc5+ Nxc5 14. Nc4 Nfd7 15. Ng4 Na4 16. b3 Nc3+ 17. Kd2 Nb5
18. c3 Rad8 19. Kc2 Rhf8 20. Rad1 Nd6 21. Ncxe5 Nf6 22. Rd2 Nxg4 23. Nxg4 {
Urban,K-Pedzich,D/Sopot 1997/CBM 59/ - (47)}) 9. Nd2 Bd6 (9... Bb4 10. O-O-O
Ke7 11. Ne2 b5 12. Kb1 Bc5 13. Bxc5+ Nxc5 14. Nb3 Nb7 15. c4 c6 16. Rc1 {
- Velimirovic,D-Ivkov,B/Amsterdam 1974/MCL (16)}) 10. Nh3 Ke7 11. Nf2 b5 12. a4
bxa4 13. Rxa4 Rhb8 14. Ra2 a5 15. Nc4 Rb4 16. Nxa5 Ra6 17. Ke2 c5 18. Rha1 Ne8
19. Nd3 Rb8 20. Nc4 Rxa2 21. Rxa2 Nc7 22. Bg5+ Nf6 23. Ndxe5 Bxe5 24. Nxe5 Ra8
25. Rxa8 Nxa8 26. Nd3 c4 27. Ne5 Nb6 28. Be3 Nfd7 29. Nxd7 Nxd7 30. Kd2 Kf6 31.
Kc3 g5 32. Kxc4 h5 33. b4 g4 34. f4 h4 35. b5 Ke7 36. b6 {
1-0 Dittmar,P-Neuberger,G/Berlin 1998/CBM 66 ext (36)}) 8. Nd2 Nc6 9. O-O-O Ke7
10. Ngf3 Nf6 11. Rhe1 a6 12. Kb1 Rhd8 13. Rf1 Rf8 14. c4 Nd7 15. Ng5 h6 16.
Ngf3 Bc5 17. Bxc5+ Nxc5 18. Nh4 Rf6 19. a3 Nd4 20. Nhf3 Nc6 21. b4 Na4 22. Rc1
(22. Kc2 22... b5 $11) 22... g5 23. b5 $15 {Weiss gewinnt Raum} (23. h3 23...
Rd8 $11) 23... a5 $4 $18 {vergibt den Vorteil} (23... Nd4 $15 $142 {
war die einzige Moeglichkeit, noch zu kaempfen}) 24. bxc6 bxc6 25. Nxe5 (25.
Nxe5 Rb8+ 26. Ka1 $18) 1-0

[Event "ICS rated blitz match"]
[Site "204.178.125.65"]
[Date "1999.09.10"]
[Round "?"]
[White "Hossa"]
[Black "lakerda"]
[Result "1-0"]
[WhiteElo "2477"]
[BlackElo "2258"]
[PlyCount "52"]
[EventDate "1999.??.??"]

1. e4 d6 2. d4 Nf6 3. f3 e5 4. dxe5 dxe5 5. Qxd8+ Kxd8 6. Nc3 Bd6 7. Bc4 Be6 8.
Bxe6 fxe6 9. Be3 Nc6 10. O-O-O Ke7 11. Nh3 a6 12. Ng5 h6 13. Nh3 b5 14. Nf2
Rhb8 15. Kb1 a5 16. Rd3 a4 17. Ne2 Rd8 18. Rc3 Na5 19. Rd1 b4 20. Rcd3 Nc6 21.
g4 a3 22. b3 Na7 23. Nh3 g5 24. Nf2 Nb5 25. Bd2 Kf7 26. Bxb4 26... Bxb4 {
lakerda resigns} 1-0

[Event "ICS rated blitz match"]
[Site "204.178.125.65"]
[Date "1999.09.03"]
[Round "?"]
[White "Hossa"]
[Black "lakerda"]
[Result "1-0"]
[WhiteElo "2525"]
[BlackElo "2364"]
[PlyCount "25"]
[EventDate "1999.??.??"]

1. e4 d6 2. d4 e5 3. dxe5 dxe5 4. Qxd8+ Kxd8 5. Nc3 Be6 6. f4 f6 7. fxe5 fxe5
8. Nf3 Nd7 9. Ng5 Ke7 10. Nxe6 Kxe6 11. Bc4+ Ke7 12. Bg5+ Ngf6 13. O-O-O {
lakerda resigns} 1-0

[Event "ICS rated blitz match"]
[Site "204.178.125.65"]
[Date "1999.09.10"]
[Round "?"]
[White "Hossa"]
[Black "lakerda"]
[Result "1-0"]
[WhiteElo "2461"]
[BlackElo "2274"]
[PlyCount "71"]
[EventDate "1999.??.??"]

1. e4 g6 2. d4 Bg7 3. Nc3 c6 4. Bc4 d6 5. Bg5 Nd7 6. Nf3 Ngf6 7. O-O O-O 8. Qd2
b5 9. Bd3 Qc7 10. Bh6 a6 11. a4 b4 12. Ne2 a5 13. Bxg7 Kxg7 14. c3 c5 15. cxb4
cxb4 16. Rfc1 Qb6 17. Qg5 h6 18. Qf4 Ba6 19. Bxa6 Qxa6 20. Ng3 Rac8 21. Kh1
Rxc1+ 22. Rxc1 Rc8 23. Rf1 Nh5 24. Nxh5+ gxh5 25. Kg1 Qe2 26. Qg3+ Kh7 27. Qh3
Rc7 28. Qxh5 Kg7 29. Qxa5 Rc2 30. b3 Nf6 31. e5 Ne4 32. exd6 Nxf2 33. Qe5+ Qxe5
34. dxe5 exd6 35. exd6 Kf8 36. Rxf2 {lakerda resigns} 1-0

[Event "ICS rated blitz match"]
[Site "204.178.125.65"]
[Date "1999.09.08"]
[Round "?"]
[White "Hossa"]
[Black "lakerda"]
[Result "1-0"]
[WhiteElo "2443"]
[BlackElo "2364"]
[PlyCount "47"]
[EventDate "1999.??.??"]

1. e4 d6 2. d4 e5 3. dxe5 dxe5 4. Qxd8+ Kxd8 5. Nc3 Be6 6. f4 Bd6 7. f5 Bd7 8.
Be3 Nf6 9. Nf3 Nc6 10. Ng5 Ke7 11. O-O-O a6 12. Bc4 Be8 13. h3 h6 14. Nf3 b5
15. Be2 Bd7 16. g4 Rhb8 17. g5 hxg5 18. Bxg5 a5 19. h4 a4 20. Bxf6+ gxf6 21.
Nd5+ Kd8 22. Rhg1 Kc8 23. Nxf6 Be8 24. Nxe8 {lakerda resigns} 1-0

[Event "ICS rated blitz match"]
[Site "204.178.125.65"]
[Date "1999.09.08"]
[Round "?"]
[White "Hossa"]
[Black "lakerda"]
[Result "1-0"]
[WhiteElo "2502"]
[BlackElo "2291"]
[PlyCount "132"]
[EventDate "1999.??.??"]

1. e4 d6 2. d4 e5 3. dxe5 dxe5 4. Qxd8+ Kxd8 5. Nc3 Bd6 6. Bc4 Be6 7. Bxe6 fxe6
8. Nf3 Nc6 9. Be3 Nf6 10. O-O-O Ke7 11. Kb1 a6 12. Bd2 b5 13. Rhe1 Rhb8 14. Ng5
h6 15. Nf3 a5 16. h3 a4 17. Ka1 b4 18. Nb1 g5 19. h4 g4 20. Ng1 h5 21. Bg5 Kf7
22. Rd2 Nd4 23. Bxf6 Kxf6 24. Ne2 Nc6 25. Red1 Kg6 26. a3 Rf8 27. axb4 Nxb4 28.
Nc1 Nc6 29. Nc3 a3 30. bxa3 Rxa3+ 31. N1a2 Nd4 32. Rb1 Rfa8 33. Kb2 Rb8+ 34.
Kc1 Rxb1+ 35. Kxb1 Ra8 36. Nd1 Rb8+ 37. Nb2 Be7 38. Nc3 Bxh4 39. Ncd1 Bg5 40.
Rd3 c5 41. Rc3 Rb5 42. Rg3 Bd2 43. Rd3 Be1 44. c3 Nb3 45. Kc2 Na5 46. Rg3 Kg5
47. Nd3 c4 48. Nxe1 Nb7 49. Ne3 Nc5 50. Nf3+ Kf4 51. Nd2 Nxe4 52. Nxe4 Kxe4 53.
Nxc4 Rb8 54. Re3+ Kf4 55. g3+ Kg5 56. Rxe5+ Kg6 57. Rxe6+ Kf5 58. Re8 Ra8 59.
Rxa8 h4 60. gxh4 Kf4 61. Rf8+ Ke4 62. f3+ gxf3 63. h5 f2 64. Rxf2 Kd5 65. Kd3
Kc5 66. h6 66... Kc6 {lakerda resigns} 1-0

[Event "ICS rated blitz match"]
[Site "204.178.125.65"]
[Date "1999.09.08"]
[Round "?"]
[White "Hossa"]
[Black "lakerda"]
[Result "1-0"]
[WhiteElo "2466"]
[BlackElo "2329"]
[PlyCount "73"]
[EventDate "1999.??.??"]

1. e4 d6 2. d4 e5 3. dxe5 dxe5 4. Qxd8+ Kxd8 5. Nc3 Bd6 6. Bc4 Be6 7. Bxe6 fxe6
8. Nf3 Nc6 9. Be3 Nf6 10. O-O-O Ke7 11. Rd3 a6 12. Bg5 h6 13. Bh4 g5 14. Bg3
Nh5 15. Rhd1 Nf4 16. Bxf4 gxf4 17. g3 Raf8 18. a3 Rhg8 19. Kb1 Rg7 20. Ka2 Rgf7
21. g4 b5 22. g5 Rg8 23. gxh6 Rh7 24. Rg1 Rxg1 25. Nxg1 Rxh6 26. h3 Rg6 27. Nf3
Rg2 28. Nd1 Bc5 29. Rd2 Nd4 30. Nxe5 Rh2 31. c3 Rxh3 32. cxd4 Bb6 33. d5 Rh1
34. Ng6+ Kf6 35. Nxf4 Ke5 36. dxe6 Bc5 37. Nd3+ {lakerda resigns} 1-0

[Event "ICS rated blitz match"]
[Site "204.178.125.65"]
[Date "1999.09.08"]
[Round "?"]
[White "Hossa"]
[Black "lakerda"]
[Result "1-0"]
[WhiteElo "2485"]
[BlackElo "2310"]
[PlyCount "62"]
[EventDate "1999.??.??"]

1. e4 d6 2. d4 e5 3. dxe5 dxe5 4. Qxd8+ Kxd8 5. Nc3 Bd6 6. Bc4 Be6 7. Bxe6 fxe6
8. Nf3 Nc6 9. Be3 Nf6 10. O-O-O Ke7 11. Rd3 a6 12. Bg5 b5 13. Bh4 Rhb8 14. Ng5
h6 15. Nh7 a5 16. Rf3 b4 17. Ne2 g5 18. Rxf6 gxh4 19. Rxh6 Rh8 20. Rxh4 Rag8
21. g3 Rg7 22. Ng5 Rxh4 23. gxh4 Rg8 24. Ng1 Nd4 25. c3 bxc3 26. bxc3 Nb5 27.
Kc2 Bc5 28. N1h3 Nd6 29. Rg1 a4 30. Kd3 a3 31. Nf3 31... Nf7 {lakerda resigns}
1-0

[Event "ICS rated blitz match"]
[Site "204.178.125.65"]
[Date "1999.09.14"]
[Round "?"]
[White "Hossa"]
[Black "lakerda"]
[Result "1-0"]
[WhiteElo "2331"]
[BlackElo "2206"]
[PlyCount "139"]
[EventDate "1999.??.??"]

1. e4 d6 2. d4 e5 3. dxe5 dxe5 4. Qxd8+ Kxd8 5. Nc3 Be6 6. f4 Bd6 7. f5 Bd7 8.
Be3 Ne7 9. O-O-O a6 10. Bc4 f6 11. Nge2 Nbc6 12. Nd5 Nxd5 13. Bxd5 Ke7 14. c4
b6 15. g4 Rab8 16. Rhe1 Nd8 17. g5 c6 18. gxf6+ gxf6 19. c5 Bxc5 20. Bxc5+ bxc5
21. Bc4 a5 22. Rg1 Be8 23. Rg7+ Nf7 24. Nc3 h5 25. Be6 Kf8 26. Rdg1 Rb4 27. a3
Rd4 28. Kc2 h4 29. R1g4 h3 30. Bxf7 Bxf7 31. Kc1 Rg8 32. Rxg8+ Bxg8 33. Rg3 Bb3
34. Rxh3 c4 35. Rh8+ Kg7 36. Rc8 Rd3 37. Rxc6 Rh3 38. Rc7+ Kh6 39. Rf7 Kg5 40.
Nd5 Rxh2 41. Rg7+ Kh6 42. Rg6+ Kh5 43. Nxf6+ Kh4 44. Rh6+ Kg3 45. Rxh2 Kxh2 46.
Ng4+ Kg3 47. Nxe5 Kf4 48. f6 c3 49. f7 Bxf7 50. Nxf7 Kxe4 51. bxc3 Kd3 52. Kb2
Kc4 53. Nd6+ Kc5 54. Nb7+ Kb6 55. Nxa5 Kxa5 56. c4 Ka4 57. Kc3 Ka5 58. c5 Kb5
59. Kd4 Kc6 60. a4 Kc7 61. Kd5 Kb7 62. c6+ Kc7 63. a5 Kc8 64. a6 Kb8 65. Kd6
Ka7 66. c7 Kxa6 67. c8=Q+ Kb5 68. Qc3 Kb6 69. Qb3+ Ka7 70. Kc7 {lakerda resigns
} 1-0

[Event "ICS rated blitz match"]
[Site "204.178.125.65"]
[Date "1999.09.02"]
[Round "?"]
[White "Hossa"]
[Black "lakerda"]
[Result "1-0"]
[WhiteElo "2506"]
[BlackElo "2276"]
[PlyCount "73"]
[EventDate "1999.??.??"]

1. e4 d6 2. d4 e5 3. dxe5 dxe5 4. Qxd8+ Kxd8 5. Bc4 Be6 6. Bxe6 fxe6 7. Nc3 Nc6
8. Bd2 Nf6 9. O-O-O Bd6 10. Nf3 Ke7 11. Ng5 a6 12. f3 h6 13. Nh3 b5 14. Be3
Rhb8 15. Kb1 a5 16. Rd3 a4 17. Ne2 b4 18. c4 bxc3 19. Rxc3 Nb4 20. Bc5 Na6 21.
Ba3 Bb4 22. Bxb4+ Rxb4 23. Rd1 Rab8 24. Rc2 Nd7 25. Rcd2 Ndc5 26. Nf2 a3 27. b3
g5 28. Ng4 Nxb3 29. axb3 Rxb3+ 30. Ka1 Nc5 31. Nxh6 Rb2 32. Nc1 Nb3+ 33. Nxb3
R8xb3 34. Rd8 Rxg2 35. R1d7+ Kf6 36. Rg8 Rbb2 37. Rf7# {lakerda checkmated} 1-0

[Event "ICS rated blitz match"]
[Site "204.178.125.65"]
[Date "1999.10.18"]
[Round "?"]
[White "Hossa"]
[Black "lakerda"]
[Result "1-0"]
[WhiteElo "2487"]
[BlackElo "2308"]
[PlyCount "24"]
[EventDate "1999.??.??"]

1. e4 e6 2. d4 d5 3. Nc3 Nf6 4. Bg5 Be7 5. e5 Ne4 6. Bxe7 Nxc3 7. Qg4 Qxe7 8.
Qxg7 Qb4 9. Qxh8+ Kd7 10. Nf3 Qxb2 11. Kd2 Qxa1 12. Bb5+ 12... Nxb5 {
lakerda resigns} 1-0

[Event "ICS rated blitz match"]
[Site "204.178.125.65"]
[Date "1999.09.14"]
[Round "?"]
[White "Hossa"]
[Black "lakerda"]
[Result "1-0"]
[WhiteElo "2367"]
[BlackElo "2186"]
[PlyCount "81"]
[EventDate "1999.??.??"]

1. e4 d6 2. d4 e5 3. dxe5 dxe5 4. Qxd8+ Kxd8 5. Nc3 Be6 6. f4 exf4 7. Bxf4 Bb4
8. O-O-O+ Kc8 9. Nd5 Ba5 10. Bc4 Nd7 11. Nf3 Ngf6 12. Nxf6 gxf6 13. Bb3 Nc5 14.
Bd2 Bxd2+ 15. Nxd2 Rg8 16. g3 Rg4 17. Rhe1 a5 18. Re3 a4 19. Bd5 c6 20. Rc3 Nd7
21. Nc4 Kc7 22. Bxe6 fxe6 23. Rxd7+ Kxd7 24. Nb6+ Ke7 25. Nxa8 Rxe4 26. Rd3 Re2
27. Nb6 Rxh2 28. Rd7+ Kf8 29. Rxb7 h5 30. Nxa4 Rh3 31. Nc5 e5 32. Nd7+ Ke7 33.
Nxe5+ Kd6 34. Nf7+ Ke6 35. Nd8+ Kd5 36. Rd7+ Ke4 37. Rd3 f5 38. Nxc6 f4 39.
Rd4+ Ke3 40. gxf4 h4 41. Rd3+ {lakerda resigns} 1-0

[Event "ICS rated blitz match"]
[Site "204.178.125.65"]
[Date "1999.09.24"]
[Round "?"]
[White "Hossa"]
[Black "lasker"]
[Result "1-0"]
[WhiteElo "2437"]
[BlackElo "2056"]
[PlyCount "59"]
[EventDate "1999.??.??"]

1. e4 e5 2. Nf3 Nc6 3. Bb5 d6 4. d4 exd4 5. Nxd4 Bd7 6. Be3 Nxd4 7. Bxd7+ Qxd7
8. Bxd4 d5 9. exd5 Qxd5 10. Qg4 Nf6 11. Bxf6 gxf6 12. O-O Qe6 13. Qa4+ c6 14.
Nc3 Be7 15. Rfe1 Qf5 16. Qb4 O-O 17. Rxe7 Qxc2 18. Rxb7 Rad8 19. Rxa7 Rd2 20.
Rb7 Rxf2 21. Qe4 Qd2 22. Rd1 Qf4 23. Qxc6 Kh8 24. Qe4 Qxe4 25. Nxe4 Rc2 26.
Nxf6 Kg7 27. Rb6 Ra8 28. Re1 Rxa2 29. Nh5+ Kf8 30. Rb8+ {lasker resigns} 1-0

[Event "ICS rated blitz match"]
[Site "204.178.125.65"]
[Date "1999.09.05"]
[Round "?"]
[White "Hossa"]
[Black "lasker"]
[Result "1-0"]
[WhiteElo "2441"]
[BlackElo "2223"]
[PlyCount "35"]
[EventDate "1999.??.??"]

1. e4 e5 2. Nf3 Nf6 3. d4 Nxe4 4. Bd3 d5 5. Nxe5 Bd6 6. O-O O-O 7. Re1 f5 8. f3
Nf6 9. Bg5 h6 10. Bxf6 Rxf6 11. c4 c6 12. cxd5 cxd5 13. Nc3 Bb4 14. Rc1 Nd7 15.
Qb3 Bxc3 16. Qxd5+ Kh8 17. Rxc3 Qe7 18. Ng6+ {lasker resigns} 1-0

[Event "ICS rated blitz match"]
[Site "204.178.125.65"]
[Date "1999.10.09"]
[Round "?"]
[White "Hossa"]
[Black "leviatan"]
[Result "1-0"]
[WhiteElo "2412"]
[BlackElo "2194"]
[PlyCount "141"]
[EventDate "1999.??.??"]

1. d4 Nf6 2. c4 e6 3. Nc3 Bb4 4. e3 b6 5. Bd2 Bb7 6. Nge2 O-O 7. a3 Be7 8. Nf4
c5 9. d5 Bd6 10. Nh5 exd5 11. cxd5 Be5 12. Nxf6+ Bxf6 13. Be2 d6 14. O-O Nd7
15. Bb5 a6 16. Ba4 b5 17. Bc2 Re8 18. Qg4 g6 19. e4 Ne5 20. Qf4 Nc4 21. Bc1 Be5
22. Qh6 Qf6 23. Bg5 Qg7 24. Qxg7+ Kxg7 25. Bc1 Bc8 26. Bd3 Bd7 27. Ra2 Nxa3 28.
Ne2 Nc4 29. b3 Nb6 30. Rc2 Rec8 31. f4 Bf6 32. e5 dxe5 33. Bb2 exf4 34. Bxf6+
Kxf6 35. Rxf4+ Kg7 36. d6 Be6 37. Nc1 c4 38. bxc4 Nxc4 39. Rd4 Rd8 40. Bxc4
bxc4 41. Ne2 a5 42. Nf4 a4 43. Nxe6+ fxe6 44. Rcxc4 a3 45. Rc1 a2 46. Ra1 Rd7
47. Rd2 Ra6 48. Raxa2 Raxd6 49. Rxd6 Rxd6 50. Ra7+ Kh6 51. h4 Rb6 52. g4 Rb4
53. g5+ Kh5 54. Rxh7+ Kg4 55. Rg7 Kxh4 56. Rxg6 e5 57. Kf2 Rg4 58. Rh6+ Kxg5
59. Rh3 Ra4 60. Rh1 Kf4 61. Rh4+ Kg5 62. Rxa4 Kf5 63. Kf3 Kf6 64. Ke4 Ke6 65.
Ra6+ Kf7 66. Kxe5 Kg7 67. Re6 Kf7 68. Kf5 Kg7 69. Rf6 Kg8 70. Kg6 Kh8 71. Rf8#
{leviatan checkmated} 1-0

[Event "ICS rated blitz match"]
[Site "204.178.125.65"]
[Date "1999.09.06"]
[Round "?"]
[White "Hossa"]
[Black "libertad"]
[Result "1-0"]
[WhiteElo "2499"]
[BlackElo "2052"]
[PlyCount "41"]
[EventDate "1999.??.??"]

1. e4 e5 2. Nf3 Nc6 3. Bb5 Nf6 4. O-O Bc5 5. d3 d6 6. c3 Bg4 7. d4 exd4 8. cxd4
Bxf3 9. gxf3 Bb4 10. d5 a6 11. Be2 Qd7 12. dxc6 bxc6 13. Bg5 Qh3 14. Qa4 Bc5
15. Qxc6+ Ke7 16. e5 Qe6 17. exf6+ gxf6 18. Qxc7+ Kf8 19. Bh6+ Kg8 20. Kh1 Rc8
21. Rg1+ {libertad resigns} 1-0

[Event "ICS rated blitz match"]
[Site "204.178.125.65"]
[Date "1999.08.28"]
[Round "?"]
[White "Hossa"]
[Black "libertad"]
[Result "1-0"]
[WhiteElo "2485"]
[BlackElo "2079"]
[PlyCount "73"]
[EventDate "1999.??.??"]

1. d4 d5 2. c4 e5 3. dxe5 d4 4. Nf3 Nc6 5. Bf4 Bg4 6. Nbd2 Nge7 7. Bg5 h6 8.
Bxe7 Bxe7 9. a3 O-O 10. Nb3 Bxf3 11. exf3 Nxe5 12. Qxd4 Bd6 13. Be2 Re8 14. c5
Qf6 15. cxd6 Rad8 16. f4 Qxf4 17. Qxf4 Nd3+ 18. Kf1 Nxf4 19. dxc7 Rc8 20. Bf3
Rxc7 21. Rd1 Rc2 22. Rd2 Rec8 23. Ke1 b6 24. Kd1 R2c7 25. Re1 Ne6 26. Bg4 Rc6
27. Bxe6 fxe6 28. Re3 a5 29. Nd4 Rc1+ 30. Ke2 Rg1 31. Kf3 Rf8+ 32. Kg3 h5 33.
Nf3 Rc1 34. Rxe6 g5 35. Nxg5 h4+ 36. Kxh4 Rc4+ 37. Kg3 {libertad resigns} 1-0

[Event "ICS rated blitz match"]
[Site "204.178.125.65"]
[Date "1999.08.28"]
[Round "?"]
[White "Hossa"]
[Black "libertad"]
[Result "1-0"]
[WhiteElo "2479"]
[BlackElo "2085"]
[PlyCount "20"]
[EventDate "1999.??.??"]

1. d4 d5 2. c4 Nf6 3. cxd5 Nxd5 4. e4 Nf6 5. Nc3 e5 6. d5 Bb4 7. Qa4+ Nc6 8.
dxc6 Bxc3+ 9. bxc3 O-O 10. Ba3 10... Nxe4 {libertad resigns} 1-0

[Event "ICS rated blitz match"]
[Site "204.178.125.65"]
[Date "1999.09.06"]
[Round "?"]
[White "Hossa"]
[Black "libertad"]
[Result "1-0"]
[WhiteElo "2503"]
[BlackElo "2048"]
[PlyCount "36"]
[EventDate "1999.??.??"]

1. e4 e5 2. Nf3 Nc6 3. Bb5 f5 4. Bxc6 dxc6 5. O-O Nf6 6. exf5 Bxf5 7. Nxe5 Bd6
8. Re1 O-O 9. d4 c5 10. c3 Be6 11. Nd3 Bd5 12. dxc5 Bxh2+ 13. Kxh2 Ne4 14. Kg1
Qh4 15. f3 Ng3 16. Bf4 Rxf4 17. Nxf4 Bc4 18. Qd4 18... Rf8 {libertad resigns}
1-0

[Event "ICS rated blitz match"]
[Site "204.178.125.65"]
[Date "1999.09.06"]
[Round "?"]
[White "Hossa"]
[Black "libertad"]
[Result "1-0"]
[WhiteElo "2507"]
[BlackElo "2044"]
[PlyCount "89"]
[EventDate "1999.??.??"]

1. e4 e5 2. Nf3 Nc6 3. Bb5 f5 4. Bxc6 dxc6 5. O-O Nf6 6. exf5 Bxf5 7. Nxe5 Bd6
8. d4 O-O 9. c3 c5 10. Qb3+ Kh8 11. Nf7+ Rxf7 12. Qxf7 Bxh2+ 13. Kxh2 Ng4+ 14.
Kg3 Bg6 15. Qf3 Nf6 16. Qxb7 Qd6+ 17. f4 Ne4+ 18. Kh2 Rf8 19. Qxa7 Qf6 20. Kg1
Ng3 21. Re1 Qh4 22. Qxc5 Qh1+ 23. Kf2 Qxe1+ 24. Kxe1 Re8+ 25. Kd1 Bh5+ 26. Kc2
Bg6+ 27. Kb3 Bf7+ 28. c4 Rb8+ 29. Ka3 Ne4 30. Qxc7 Ra8+ 31. Kb4 Bg6 32. Be3 Nf6
33. Nc3 Ne8 34. Qb7 Rd8 35. Re1 Nd6 36. Qc7 Nf7 37. f5 Bh5 38. Rh1 Rf8 39. Rxh5
Nd8 40. b3 Kg8 41. Rg5 Nf7 42. f6 g6 43. Re5 Rd8 44. Re7 Re8 45. Rxe8# {
libertad checkmated} 1-0

[Event "ICS rated blitz match"]
[Site "204.178.125.65"]
[Date "1999.09.06"]
[Round "?"]
[White "Hossa"]
[Black "libertad"]
[Result "1-0"]
[WhiteElo "2495"]
[BlackElo "2056"]
[PlyCount "63"]
[EventDate "1999.??.??"]

1. e4 e5 2. Nf3 Nc6 3. Bb5 f5 4. Bxc6 dxc6 5. O-O fxe4 6. Nxe5 Nf6 7. d4 Bd6 8.
Bg5 O-O 9. Nd2 c5 10. c3 Kh8 11. Bxf6 Qxf6 12. Nxe4 Qf4 13. Nxd6 cxd6 14. Nd3
Qg5 15. Qc1 Qg6 16. Qe3 Bf5 17. Nf4 Qg5 18. Nd5 Qg6 19. Ne7 Qf6 20. dxc5 dxc5
21. Qxc5 Rae8 22. Nxf5 Qxf5 23. Qxa7 Re2 24. Qxb7 Rxf2 25. Rfe1 Qc2 26. Rab1 h5
27. Qc6 h4 28. h3 R8f6 29. Qc8+ Kh7 30. Qg4 Rg6 31. Qxh4+ Kg8 32. Qxf2 {
libertad resigns} 1-0